<?xml version="1.0" encoding="UTF-8"?>
<collection xmlns="http://www.loc.gov/MARC21/slim">
<record>
  <controlfield tag="000">00930ctm\a22001815i\4500</controlfield>
  <controlfield tag="001">545193</controlfield>
  <controlfield tag="005">20251009150934.0</controlfield>
  <controlfield tag="008">220105|1686\\\\xx\||||\|\\\\||||\||und||</controlfield>
  <datafield tag="040" ind1=" " ind2=" ">
    <subfield code="d">UtOrBLW</subfield>
  </datafield>
  <datafield tag="245" ind1="0" ind2="0">
    <subfield code="a">Letter from Frank Edward in Camsal to Anne Asheton in Hamburg</subfield>
    <subfield code="h">[manuscript],</subfield>
    <subfield code="f">1686 December 2.</subfield>
  </datafield>
  <datafield tag="260" ind1=" " ind2=" ">
    <subfield code="a">Camsal,</subfield>
    <subfield code="c">1686 December2.</subfield>
  </datafield>
  <datafield tag="300" ind1=" " ind2=" ">
    <subfield code="a">1 letter</subfield>
  </datafield>
  <datafield tag="336" ind1=" " ind2=" ">
    <subfield code="a">text</subfield>
    <subfield code="b">txt</subfield>
    <subfield code="2">rdacontent</subfield>
  </datafield>
  <datafield tag="337" ind1=" " ind2=" ">
    <subfield code="a">unmediated</subfield>
    <subfield code="b">n</subfield>
    <subfield code="2">rdamedia</subfield>
  </datafield>
  <datafield tag="500" ind1=" " ind2=" ">
    <subfield code="a">This is a PRELIMINARY RECORD. It may contain incorrect information. The "FAST ACC" number is a temporary call number. Please email catalog@folger.edu for assistance.</subfield>
    <subfield code="5">DF</subfield>
  </datafield>
  <datafield tag="583" ind1="1" ind2=" ">
    <subfield code="a">condition reviewed</subfield>
    <subfield code="c">2022-10-04</subfield>
    <subfield code="k">EB</subfield>
    <subfield code="z">Stored as a folded letter packet; awaiting rehousing.</subfield>
    <subfield code="2">pda</subfield>
    <subfield code="5">DFo</subfield>
  </datafield>
  <datafield tag="583" ind1="1" ind2=" ">
    <subfield code="a">condition reviewed</subfield>
    <subfield code="c">2022-10-04</subfield>
    <subfield code="k">EB</subfield>
    <subfield code="z">Hole within text but not affecting text; large hole from iron gall ink used to strike out text on the address panel.</subfield>
    <subfield code="2">pda</subfield>
    <subfield code="5">DFo</subfield>
  </datafield>
  <datafield tag="655" ind1=" " ind2="7">
    <subfield code="a">Manuscripts (documents)</subfield>
    <subfield code="0">300028569</subfield>
    <subfield code="2">aat</subfield>
  </datafield>
  <datafield tag="655" ind1=" " ind2="7">
    <subfield code="a">Letters (correspondence)</subfield>
    <subfield code="0">300026879</subfield>
    <subfield code="2">aat</subfield>
  </datafield>
  <datafield tag="852" ind1="8" ind2=" ">
    <subfield code="a">US-DFo</subfield>
    <subfield code="z">Ordered from Christopher Edwards, D9473, 2021-04-28, purchased from Martin Townsend.</subfield>
    <subfield code="z">From dealer's description: "1686 Entire written at 'CAMSAL" and addressed to Hamburg showing on the reverse a RARE MANUSCRIPT "FERRIBRIDGE" TOWN NAME. MS "POST Pd 11d" and charged "8d"."</subfield>
    <subfield code="7">833417</subfield>
    <subfield code="j">272451</subfield>
    <subfield code="h">FAST ACC 272451</subfield>
    <subfield code="n">37 x 28 cm</subfield>
  </datafield>
  <datafield tag="909" ind1="C" ind2="O">
    <subfield code="o">oai:catalog.folger.edu:545193</subfield>
    <subfield code="p">GLOBAL_SET</subfield>
  </datafield>
  <datafield tag="980" ind1=" " ind2=" ">
    <subfield code="a">BIB</subfield>
  </datafield>
  <datafield tag="983" ind1=" " ind2=" ">
    <subfield code="a">Vault</subfield>
  </datafield>
</record>
<record>
  <controlfield tag="000">00802ctm\a22001815i\4500</controlfield>
  <controlfield tag="001">545202</controlfield>
  <controlfield tag="005">20251009150934.0</controlfield>
  <controlfield tag="008">220105|1690\\\\xx\||||\|\\\\||||\||und||</controlfield>
  <datafield tag="040" ind1=" " ind2=" ">
    <subfield code="d">UtOrBLW</subfield>
  </datafield>
  <datafield tag="245" ind1="0" ind2="0">
    <subfield code="a">Letter from Frank Edward in Camsal to Anne Asheton in Hamburg</subfield>
    <subfield code="h">[manuscript],</subfield>
    <subfield code="f">1689/90 January 31.</subfield>
  </datafield>
  <datafield tag="260" ind1=" " ind2=" ">
    <subfield code="a">Camsal,</subfield>
    <subfield code="c">1689/90 January 31.</subfield>
  </datafield>
  <datafield tag="300" ind1=" " ind2=" ">
    <subfield code="a">1 letter</subfield>
  </datafield>
  <datafield tag="336" ind1=" " ind2=" ">
    <subfield code="a">text</subfield>
    <subfield code="b">txt</subfield>
    <subfield code="2">rdacontent</subfield>
  </datafield>
  <datafield tag="337" ind1=" " ind2=" ">
    <subfield code="a">unmediated</subfield>
    <subfield code="b">n</subfield>
    <subfield code="2">rdamedia</subfield>
  </datafield>
  <datafield tag="500" ind1=" " ind2=" ">
    <subfield code="a">This is a PRELIMINARY RECORD. It may contain incorrect information. The "FAST ACC" number is a temporary call number. Please email catalog@folger.edu for assistance.</subfield>
    <subfield code="5">DF</subfield>
  </datafield>
  <datafield tag="583" ind1="1" ind2=" ">
    <subfield code="a">condition reviewed</subfield>
    <subfield code="c">2022-09-29</subfield>
    <subfield code="k">EB</subfield>
    <subfield code="z">Stored as a folded letter packet; awaiting rehousing.</subfield>
    <subfield code="2">pda</subfield>
    <subfield code="5">DFo</subfield>
  </datafield>
  <datafield tag="583" ind1="1" ind2=" ">
    <subfield code="a">condition reviewed</subfield>
    <subfield code="c">2022-09-29</subfield>
    <subfield code="k">EB</subfield>
    <subfield code="z">Extremely fragile: losses and running tears.</subfield>
    <subfield code="2">pda</subfield>
    <subfield code="5">DFo</subfield>
  </datafield>
  <datafield tag="655" ind1=" " ind2="7">
    <subfield code="a">Manuscripts (documents)</subfield>
    <subfield code="0">300028569</subfield>
    <subfield code="2">aat</subfield>
  </datafield>
  <datafield tag="655" ind1=" " ind2="7">
    <subfield code="a">Letters (correspondence)</subfield>
    <subfield code="0">300026879</subfield>
    <subfield code="2">aat</subfield>
  </datafield>
  <datafield tag="852" ind1="8" ind2=" ">
    <subfield code="a">US-DFo</subfield>
    <subfield code="z">Ordered from Christopher Edwards, D9473, 2021-04-28, purchased from Martin Townsend.</subfield>
    <subfield code="z">From dealer's description: "1690 January 31 (1689/90)"</subfield>
    <subfield code="7">833426</subfield>
    <subfield code="j">272460</subfield>
    <subfield code="h">FAST ACC 272460</subfield>
    <subfield code="n">37 x 28 cm</subfield>
  </datafield>
  <datafield tag="909" ind1="C" ind2="O">
    <subfield code="o">oai:catalog.folger.edu:545202</subfield>
    <subfield code="p">GLOBAL_SET</subfield>
  </datafield>
  <datafield tag="980" ind1=" " ind2=" ">
    <subfield code="a">BIB</subfield>
  </datafield>
  <datafield tag="983" ind1=" " ind2=" ">
    <subfield code="a">Vault</subfield>
  </datafield>
</record>
<record>
  <controlfield tag="000">00932ctm\a22001815i\4500</controlfield>
  <controlfield tag="001">545185</controlfield>
  <controlfield tag="005">20251009150934.0</controlfield>
  <controlfield tag="008">220105|1686\\\\xx\||||\|\\\\||||\||und||</controlfield>
  <datafield tag="040" ind1=" " ind2=" ">
    <subfield code="d">UtOrBLW</subfield>
  </datafield>
  <datafield tag="245" ind1="0" ind2="0">
    <subfield code="a">Letter from Frank Edward in Camsal to his sister Anne Asheton in Hamburg</subfield>
    <subfield code="h">[manuscript],</subfield>
    <subfield code="f">1686 Sept 1.</subfield>
  </datafield>
  <datafield tag="260" ind1=" " ind2=" ">
    <subfield code="a">Camsal,</subfield>
    <subfield code="c">1686 Sept1.</subfield>
  </datafield>
  <datafield tag="300" ind1=" " ind2=" ">
    <subfield code="a">1 letter</subfield>
  </datafield>
  <datafield tag="336" ind1=" " ind2=" ">
    <subfield code="a">text</subfield>
    <subfield code="b">txt</subfield>
    <subfield code="2">rdacontent</subfield>
  </datafield>
  <datafield tag="337" ind1=" " ind2=" ">
    <subfield code="a">unmediated</subfield>
    <subfield code="b">n</subfield>
    <subfield code="2">rdamedia</subfield>
  </datafield>
  <datafield tag="500" ind1=" " ind2=" ">
    <subfield code="a">This is a PRELIMINARY RECORD. It may contain incorrect information. The "FAST ACC" number is a temporary call number. Please email catalog@folger.edu for assistance.</subfield>
    <subfield code="5">DF</subfield>
  </datafield>
  <datafield tag="583" ind1="1" ind2=" ">
    <subfield code="a">condition reviewed</subfield>
    <subfield code="c">2022-09-30</subfield>
    <subfield code="k">EB</subfield>
    <subfield code="z">Stored flat: original folds obscured by later philatelic collector.</subfield>
    <subfield code="2">pda</subfield>
    <subfield code="5">DFo</subfield>
  </datafield>
  <datafield tag="583" ind1="1" ind2=" ">
    <subfield code="a">condition reviewed</subfield>
    <subfield code="c">2022-09-30</subfield>
    <subfield code="k">EB</subfield>
    <subfield code="z">Rectangular section neatly excised from blank area.</subfield>
    <subfield code="2">pda</subfield>
    <subfield code="5">DFo</subfield>
  </datafield>
  <datafield tag="655" ind1=" " ind2="7">
    <subfield code="a">Manuscripts (documents)</subfield>
    <subfield code="0">300028569</subfield>
    <subfield code="2">aat</subfield>
  </datafield>
  <datafield tag="655" ind1=" " ind2="7">
    <subfield code="a">Letters (correspondence)</subfield>
    <subfield code="0">300026879</subfield>
    <subfield code="2">aat</subfield>
  </datafield>
  <datafield tag="852" ind1="8" ind2=" ">
    <subfield code="a">US-DFo</subfield>
    <subfield code="z">Ordered from Christopher Edwards, D9473, 2021-04-28, purchased from Martin Townsend.</subfield>
    <subfield code="z">From dealer's description: "1686 Entire written at "CAMSALL" and addressed to Hamburgh showing on the reverse A RARE MANUSCRIPT "FERRYBRIDGE" TOWN NAME. MS "P Pd 11d" and charged "8d"."</subfield>
    <subfield code="7">833409</subfield>
    <subfield code="j">272443</subfield>
    <subfield code="h">FAST ACC 272443</subfield>
    <subfield code="n">37 x 28 cm</subfield>
  </datafield>
  <datafield tag="909" ind1="C" ind2="O">
    <subfield code="o">oai:catalog.folger.edu:545185</subfield>
    <subfield code="p">GLOBAL_SET</subfield>
  </datafield>
  <datafield tag="980" ind1=" " ind2=" ">
    <subfield code="a">BIB</subfield>
  </datafield>
  <datafield tag="983" ind1=" " ind2=" ">
    <subfield code="a">Vault</subfield>
  </datafield>
</record>
<record>
  <controlfield tag="000">00957ctm\a22001815i\4500</controlfield>
  <controlfield tag="001">545179</controlfield>
  <controlfield tag="005">20251009150934.0</controlfield>
  <controlfield tag="008">220105|1692\\\\xx\||||\|\\\\||||\||und||</controlfield>
  <datafield tag="040" ind1=" " ind2=" ">
    <subfield code="d">UtOrBLW</subfield>
  </datafield>
  <datafield tag="245" ind1="0" ind2="0">
    <subfield code="a">Letter from Frank Edward in Camsal to his sister Anne Asheton in Hamburg</subfield>
    <subfield code="h">[manuscript],</subfield>
    <subfield code="f">1692 August 3.</subfield>
  </datafield>
  <datafield tag="260" ind1=" " ind2=" ">
    <subfield code="a">Camsal,</subfield>
    <subfield code="c">1692 August3.</subfield>
  </datafield>
  <datafield tag="300" ind1=" " ind2=" ">
    <subfield code="a">1 letter</subfield>
  </datafield>
  <datafield tag="336" ind1=" " ind2=" ">
    <subfield code="a">text</subfield>
    <subfield code="b">txt</subfield>
    <subfield code="2">rdacontent</subfield>
  </datafield>
  <datafield tag="337" ind1=" " ind2=" ">
    <subfield code="a">unmediated</subfield>
    <subfield code="b">n</subfield>
    <subfield code="2">rdamedia</subfield>
  </datafield>
  <datafield tag="500" ind1=" " ind2=" ">
    <subfield code="a">This is a PRELIMINARY RECORD. It may contain incorrect information. The "FAST ACC" number is a temporary call number. Please email catalog@folger.edu for assistance.</subfield>
    <subfield code="5">DF</subfield>
  </datafield>
  <datafield tag="583" ind1="1" ind2=" ">
    <subfield code="a">condition reviewed</subfield>
    <subfield code="c">2022-09-30</subfield>
    <subfield code="k">EB</subfield>
    <subfield code="z">Stored flat. Lower half of leaf only. Major tear and loss at crease affecting text.</subfield>
    <subfield code="2">pda</subfield>
    <subfield code="5">DFo 655_7</subfield>
    <subfield code="a">Manuscripts (documents)</subfield>
    <subfield code="2">aat</subfield>
  </datafield>
  <datafield tag="655" ind1=" " ind2="7">
    <subfield code="a">Letters (correspondence)</subfield>
    <subfield code="0">300026879</subfield>
    <subfield code="2">aat</subfield>
  </datafield>
  <datafield tag="852" ind1="8" ind2=" ">
    <subfield code="a">US-DFo</subfield>
    <subfield code="z">Ordered from Christopher Edwards, D9473, 2021-04-28, purchased from Martin Townsend.</subfield>
    <subfield code="z">From dealer's description: "1581692 Large part-entire written at Camsal and addressed to Hamburgh showing on the reverse a RARE MANUSCRIPT "FERRY BRIDGE" town name, "POST PAID TO AMSTERDAM 1d AND CHARGED 8".</subfield>
    <subfield code="7">833403</subfield>
    <subfield code="j">272437</subfield>
    <subfield code="h">FAST ACC 272437</subfield>
    <subfield code="n">37 x 28 cm</subfield>
  </datafield>
  <datafield tag="909" ind1="C" ind2="O">
    <subfield code="o">oai:catalog.folger.edu:545179</subfield>
    <subfield code="p">GLOBAL_SET</subfield>
  </datafield>
  <datafield tag="980" ind1=" " ind2=" ">
    <subfield code="a">BIB</subfield>
  </datafield>
  <datafield tag="983" ind1=" " ind2=" ">
    <subfield code="a">Vault</subfield>
  </datafield>
</record>

</collection>